Statystyki dla Piłkarze z przynajmniej 100 występami w Champions League - piłka nożna

Kliknij tutaj aby rozwiązać quiz!

Ogólne statystyki

  • Ten quiz został rozwiązany 2 296 razy
    (1 963 od ostatniego zresetowania)
  • Średni wynik to 22 z 46

Statystyki odpowiedzi

MeczeKrajGłówny klub (najwięcej występów)Piłkarz% Poprawnych
183PortugaliaReal MadrytCristiano Ronaldo
100%
163ArgentynaFC BarcelonaLionel Messi
99%
111PolskaBayern MonachiumRobert Lewandowski
85%
117ChorwacjaReal MadrytLuka Modric
76%
152FrancjaReal MadrytKarim Benzema
75%
142NiemcyBayern MonachiumThomas Muller
75%
151HiszpaniaFC BarcelonaXavi Hernandez
74%
137HiszpaniaReal MadrytSergio Ramos
73%
139NiemcyReal MadrytToni Kroos
73%
130HiszpaniaFC BarcelonaAndres Iniesta
72%
124SzwecjaParis Saint-GermainZlatan Ibrahimovic
69%
114AustriaBayern MonachiumDavid Alaba
64%
131NiemcyBayern MonachiumManuel Neuer
62%
145WaliaMachester UnitedRyan Giggs
61%
177HiszpaniaReal MadrytIker Casillas
59%
135WłochyAC MilanPaolo Maldini
59%
112FrancjaArsenal FCThierry Henry
56%
100UkrainaAC MilanAndrij Szewczenko
54%
128HiszpaniaFC BarcelonaGerard Pique
53%
142HiszpaniaReal MadrytRaul Gonzalez
53%
111CzechyChelsea FCPetr Cech
51%
115HiszpaniaFC BarcelonaCarles Puyol
48%
129HiszpaniaFC BarcelonaSergio Busquets
46%
102BrazyliaReal MadrytMarcelo Vieira
45%
113PortugaliaReal MadrytPepe
45%
102ArgentynaParis Saint-GermainÁngel di Maria
43%
124WłochyJuventusGianluigi Buffon
42%
110HolandiaBayern MonachiumArjen Robben
41%
105AngliaChelsea FCFrank Lampard
40%
103PortugaliaReal MadrytLuis Figo
34%
111BrazyliaFC BarcelonaDani Alves
31%
112NiemcyBayern MonachiumPhilipp Lahm
29%
109AngliaChelsea FCJohn Terry
28%
120BrazyliaReal MadrytRoberto Carlos
28%
106HiszpaniaFC BarcelonaVictor Valdes
28%
105BrazyliaParis Saint-GermainThiago Silva
25%
125HolandiaAC MilanClarence Seedorf
24%
124AngliaManchester UnitedPaul Scholes
24%
108WłochyAC MilanAndrea Pirlo
22%
107AngliaManchester UnitedDavid Beckham
22%
119HiszpaniaReal MadrytXabi Alonso
18%
109AngliaChelsea FCAshley Cole
17%
103NiemcyBayern MonachiumOliver Kahn
12%
108FrancjaManchester UnitedPatrice Evra
12%
110AngliaManchester UnitedGary Neville
9%
104HiszpaniaFC BarcelonaCesc Fabregas
5%

Rozkład punktacji

Percentyl według liczby udzielonych odpowiedzi

Procent ludzi z każdym wynikiem

Twoja historia wyników

Nie rozwiązałeś tego quizu od ostatniego zresetowania